000 00607cam a22002052 4500
001 0000020412
005 20151217152214.0
008 110916s xx 000 0 eng d
020 _a019530523x :
040 _aKABU
_cKABU
100 1 _aWeiss, Noel S.
_@0000180800
245 1 0 _aClinical epidemiology :
_bthe study od the outcome of illness /
_cNoel S. Weiss.
250 _a3rd ed.
260 _aOxford :
_bOUP,
_c2006.
300 _aix, 178 p.
650 0 _aClinical epidemiology.
_@0000180801
852 1 _9p3890 KES
908 _a110916
950 _@1
999 _c9317
_d9317